00332nam a22001337a 4500020001800000082001400018100002400032245003900056260003300095300001000128650002000138650002500158650001500183 a9789357328401 aM3bAMB/A aAmbikasuthan Mangad aAllohalan/cby Ambikasuthan Mangad aKottayam:bD C Books,c2024. a384p. aNovel Malayalam aLiterature Malayalam aLiterature